Planetas del sistema solar - ¡Muerte súbita! - Estadísticas

Estadísticas generales
  • Esta prueba ha sido intentada 375 veces
  • La puntuación promedio es 6 de 8
Answers on the Grid
Answers color-coded by a green-red scale on the quiz's grid according to % correct below.
Luna
Venus
Sol
Ganímedes
Saturno
Ío
Mercurio
Deimos
Plutón
Neptuno
Urano
Eris
Marte
Europa
Fobos
Júpiter
Makemake
La Tierra
Haumea
Calisto
 
Estadísticas de respuestas
Respuesta % Correcto
Saturno
94%
Venus
91%
Mercurio
77%
Marte
74%
Neptuno
74%
Júpiter
70%
Urano
70%
La Tierra
69%
No se encontraron pruebas coincidentes
Distribución de puntuación
Porcentaje de gente con cada puntuación
Porcentaje por número respondido
Historial de tus puntuaciones
No has intentado esta prueba.